[Event "IECC CL8-2005.08 email"]
[Site "IECC email"]
[Date "2005.12.16"]
[Round "?"]
[White "Johnson, Aaron"]
[Black "Kopsa, Kadir Can"]
[Result "0-1"]
[WhiteElo "819"]
[BlackElo "997"]
[PlyCount "92"]
[EventDate "2005.??.??"]
[EventType "tourn (corr)"]
[EventRounds "4"]
[SourceTitle "Corr 2020"]
[Source "ChessBase"]
[SourceDate "2019.09.30"]
[SourceVersion "1"]
[SourceVersionDate "2019.09.30"]
[SourceQuality "1"]
[WhiteTeam "United States"]
[BlackTeam "Turkey"]
[WhiteTeamCountry "USA"]
[BlackTeamCountry "TUR"]

1. e4 d5 2. d4 dxe4 3. Nc3 Nf6 4. Be3 Ng4 5. Nxe4 Nxe3 6. fxe3 e6 7. Qf3 Nc6 8. 0-0-0 g6 9. Bb5 Bg7 10. Ne2 Bd7 11. Bxc6 Bxc6 12. Nf4 0-0 13. h4 h6 14. h5 g5 15. d5 exd5 16. Nxd5 Bxd5 17. Rxd5 Qe7 18. Rf1 c6 19. Rdd1 Qb4 20. c3 Qa5 21. Nd6 Qxa2 22. Kc2 Bxc3 23. Kxc3 Rad8 24. Nf5 Qa5+ 25. b4 Qa3+ 26. Kc4 a5 27. Ne7+ Kh8 28. Qf6+ Kh7 29. Rb1 b5+ 30. Kc5 axb4 31. Rxb4 Qxe3+ 32. Rd4 Rxd4 33. Qxd4 Qxe7+ 34. Kxc6 Rc8+ 35. Kxb5 Qe2+ 36. Kb4 Qxf1 37. Qe4+ Kg7 38. Qe5+ Qf6 39. Qb5 Qb2+ 40. Ka5 Qa3+ 41. Kb6 Rb8+ 42. Kc6 Qc1+ 43. Qc5 Rc8+ 44. Kb5 Qxc5+ 45. Ka6 Rb8 46. g4 Qa3# 0-1

[Event "IECC CL8-2005.07 email"]
[Site "IECC email"]
[Date "2005.11.09"]
[Round "?"]
[White "Smeulders, Thomas"]
[Black "Kopsa, Kadir Can"]
[Result "0-1"]
[WhiteElo "805"]
[BlackElo "975"]
[PlyCount "80"]
[EventDate "2005.??.??"]
[EventType "tourn (corr)"]
[EventRounds "4"]
[SourceTitle "Corr 2008"]
[Source "ChessBase"]
[SourceDate "2008.06.24"]
[SourceVersion "1"]
[SourceVersionDate "2008.06.24"]
[SourceQuality "1"]

1. Nf3 Nf6 2. e3 Nc6 3. Bc4 d5 4. Bb5 Bd7 5. Bd3 e5 6. Ng5 e4 7. Be2 a6 8. 0-0 Bc5 9. d4 exd3 10. Qxd3 Nb4 11. Qc3 b6 12. a3 Nc6 13. b4 d4 14. Qd3 Ne5 15. Qd2 h6 16. bxc5 hxg5 17. Qxd4 Nfg4 18. h3 Nc6 19. Qxg7 Qf6 20. Qxf6 Nxf6 21. cxb6 cxb6 22. Bb2 Rh6 23. Nd2 g4 24. Bxf6 Rxf6 25. Rfb1 gxh3 26. Ne4 Rh6 27. gxh3 Bxh3 28. Rxb6 f5 29. Ng3 Rd8 30. Rxa6 Kf8 31. Rb1 Bg4 32. f3 Bh3 33. Bd3 Rg6 34. Kf2 Ne5 35. f4 Nxd3+ 36. Ke2 Rxa6 37. cxd3 Rxa3 38. Rh1 Ra2+ 39. Ke1 Rb8 40. Ne2 Rb1+ 0-1